00669 2200253 4500001002100000005001700021008004100038020001800079035002400097082001000121090002200131100001800153245005300171250001100224260003100235300002500266440002700291500003100318650001900349850001300368980001500381985000600396986001300402YOGYA-0209000005664620090227034052.0 ind  a979-21-0043-1 0010-020900000056646 a636.5 a636.5bJut MlDEP aJUTAWAN, Amat aMesin tetas listrik & induk buatancAmat Jutawan aCet. 1 aYogyakartabKanisiusc2005 a106 hlmbilusc19 cm a(Teknologi tepat guna) aBibliografi : hlm. 105-106 aMesin Pengeram aYOPDYOGM a07-05-2005 a1 aZULrtrev